| 000 | 00448nam a22001697a 4500 | ||
|---|---|---|---|
| 005 | 20180816120449.0 | ||
| 008 | 160616b xxu||||| |||| 00| 0 eng d | ||
| 020 | _a81-297-0375-0 | ||
| 041 | _aeng | ||
| 082 |
_b7919 _a658.4012 |
||
| 100 |
_aGhemawas, Pankaj _94827 |
||
| 245 | _aStrategy and the Business Landscape : text and cases | ||
| 260 |
_aDelhi _bpearson education _c2004 |
||
| 300 | _a10.27p, | ||
| 650 |
_aManagement _9241 |
||
| 942 | _cBK | ||
| 999 |
_c2889 _d2888 |
||